Developing a vznik realitných fondov na Slovensku
Vznik realitných fondov. V čom sa líšia realitné fondy od ostatných. Slovenské realitné fondy.
Enregistré dans:
| Auteur principal: | |
|---|---|
| Format: | Chapitre de livre |
| Langue: | slovaque |
| Sujets: | |
| Tags: |
Pas de tags, Soyez le premier à ajouter un tag!
|
MARC
| LEADER | 00000nla$a2200000$$$4500 | ||
|---|---|---|---|
| 001 | 0068549 | ||
| 005 | 20240502071829.8 | ||
| 041 | 0 | |a slo | |
| 044 | |a SK | ||
| 245 | 1 | 0 | |a Developing a vznik realitných fondov na Slovensku |c Daniel König |
| 520 | |a Vznik realitných fondov. V čom sa líšia realitné fondy od ostatných. Slovenské realitné fondy. | ||
| 610 | 2 | 0 | |a investície |
| 610 | 2 | 0 | |a investori |
| 610 | 2 | 0 | |a investovanie |
| 610 | 2 | 0 | |a aktíva |
| 610 | 2 | 0 | |a likvidita |
| 610 | 2 | 0 | |a fondy investičné |
| 610 | 2 | 0 | |a nehnuteľnosti |
| 610 | 2 | 0 | |a financie |
| 100 | 1 | |a König, Daniel | |